A la recherche du temps perdu
Αποθηκεύτηκε σε:
| Κύριος συγγραφέας: | |
|---|---|
| Μορφή: | Βιβλίο |
| Γλώσσα: | French |
| Δημοσίευση: |
[Paris] :
Gallimard,
1988, 1989, 1990
|
| Σειρά: | Collection Folio classique ;
1924, 1946, 2139, 2203, 2089, |
| Θέματα: | |
| Ετικέτες: |
Προσθήκη ετικέτας
Δεν υπάρχουν, Καταχωρήστε ετικέτα πρώτοι!
|
MARC
| LEADER | 00000cam a2200000 i 4500 | ||
|---|---|---|---|
| 001 | 1/21878 | ||
| 008 | 970709m19881990fr | ||| |||| ||fre|| | ||
| 020 | |a 2070382931 |q (τ.7) | ||
| 020 | |a 2070381773 |q (τ.5) | ||
| 020 | |a 2070379248 |q (τ.1) | ||
| 020 | |a 2070380513 |q (τ.2) | ||
| 020 | |a 2070382338 |q (τ.6) | ||
| 035 | |a 1995 |b 3 |c Ξανθάκη |l 10036417 | ||
| 035 | |a 1995 |b 3 |c Ξανθάκη |l 10036383 | ||
| 035 | |a 1995 |b 3 |c Ξανθάκη |l 10036402 | ||
| 035 | |a 1995 |b 3 |c Ξανθάκη |l 10036408 | ||
| 035 | |a 1995 |b 3 |c Ξανθάκη |l 10036412 | ||
| 040 | |a GR-My-Ua |b gre |e AACR2 | ||
| 041 | 0 | |a fre | |
| 082 | 7 | |a 843 |2 (22) | |
| 100 | 1 | |a Proust, Marcel, |d 1871-1922. | |
| 245 | 1 | 0 | |a A la recherche du temps perdu / |c Marcel Proust ; edition presentee, etablie et annotee par Pierre-Edmond Robert, Pierre-Louis Rey, Jacques Pobichez, Brian G. Rogers, Antoine Compagnon, Anne Chevalier. |
| 260 | |a [Paris] : |b Gallimard, |c 1988, 1989, 1990 | ||
| 300 | |a τ. ; |c 18 εκ. | ||
| 490 | 1 | |a (Collection Folio classique ; |v 1924, 1946, 2139, 2203, 2089, | |
| 505 | 8 | |a Τ.1. Du cote de chez Swann -- τ.2. A l'ombre des jeunes filles en fleurs -- τ.5. La prisonniere -- τ.6. Albertine disparue -- τ.7. Le temps retrouve | |
| 650 | 0 | 0 | |a French fiction. |
| 740 | 0 | |a Du cote de chez Swann | |
| 740 | 4 | |a A l'ombre des jeunes filles en fleurs | |
| 740 | 3 | |a La prisonniere | |
| 740 | 0 | |a Albertine disparue | |
| 740 | 3 | |a Le temps retrouve | |
| 767 | 0 | 8 | |i Μεταφρασμένος ο 6ος τόμος ως: |t Μετά την εξαφάνιση της Αλμπερτίν / |
| 830 | 0 | |a Collection Folio classique ; |v 1924, 1946, 2139, 2203, 2089, | |
| 852 | |a INST |b RHODES |e 20210713 |h 843 PRO |p 005400011390 |q 005400011390 |t BK |v τομ.5: |y 0 | ||
| 852 | |a INST |b RHODES |e 20210713 |h 843 PRO |p 005400011401 |q 005400011401 |t BK |v τομ.1: |y 0 | ||
| 852 | |a INST |b RHODES |e 20210713 |h 843 PRO |p 005400011458 |q 005400011458 |t BK |v τομ.2: |y 0 | ||
| 852 | |a INST |b RHODES |e 20210713 |h 843 PRO |p 005400011468 |q 005400011468 |t BK |v τομ.6: |y 0 | ||
| 852 | |a INST |b RHODES |e 20210713 |h 843 PRO |p 005400011469 |q 005400011469 |t BK |v τομ.7: |y 0 | ||
| 853 | |a INST |b RHODES |h 843 PRO | ||
| 909 | |a Ρ |b 046423 | ||
| 909 | |a Ρ |b 046424 | ||
| 909 | |a Ρ |b 046417 | ||
| 909 | |a Ρ |b 046418 | ||
| 970 | |z 09/07/1997 | ||